000 00556nam a2200217Ia 4500
001 7002
003 GE_BSU
008 181216s||||||||xx |||||||||||||| ||und||
040 _cGE_BSU
080 _a621.01
100 _aАртоболевский,И.И.
245 _aТеория механизмов.
245 _bУчебник.
245 _cРед.В.А.Зиновьев.
260 _aМ.
260 _bНаука.
260 _c1965.
300 _a776стр. с илл. 22см.
653 _aТеория механизмов.
942 _cBK
999 _c40394
_d40394